Prospetto del Bruto di Cicerone.

Gespeichert in:
Bibliographische Detailangaben
Weitere Verfasser: Cicero, Marcus Tullius
Format: Buch
Sprache:Italienisch
Erschienen: Teramo Tip. Bezzi e Appignani 1890
Katalog:EDISCO:  Suchergebnis im Bibliothekskatalog
Schulbuchspezifische Eigenschaften:
Schlagworte:
Tags: Tag hinzufügen
Keine Tags, Fügen Sie den ersten Tag hinzu!
Hinzugefügt zu:30.04.2016
Geändert in:18.10.2017

MARC

LEADER 00000aam a22000007 4500
001 00045
003 OSt
005 20171018092541.0
008 160501s1890 it 000 0 ita
040 |c Antonio Parlati - L'Acquila 
041 1 |a ita 
245 0 0 |a Prospetto del Bruto di Cicerone. 
260 |a Teramo  |b Tip. Bezzi e Appignani  |c 1890 
300 |a , 1/1 ;  
650 4 |a Latino  |9 14 
655 |a Classici  |9 3031 
690 |a Secondaria superiore  |9 8 
700 1 |a Cicero, Marcus Tullius  |9 66 
901 |a 7 
942 |2 ddc  |c BK 
546 |a ita 
999 |c 46  |d 46 
999 |c edisco:46  |d 46